00647 a2200181 450000500170000000800390001702000180005604000510007404100080012510000220013324501240015526000370027930000180031649000320033465000180036670000320038476500490041620140903174959.014 s2011 sp gr 000 0 spa a9788498414301 aCO-BoUCMbspacJose A. GerenadDiana Londoño aspa1 aSloterdijk, Peter10aCelo de Diosbsobre la lucha de los tres monoteísmoscPeter Sloterdijk ; traducción del alemán de Isidoro Reguera bSiruelaaMadrid (España)c2011 a170 páginas aEl árbol de paraísov71 7aMonoteísmo 1 aReguera, Isidoroetraductor tGottes eifer. Vomkampf der drei monotheismen